| 000 | 00757ngm a2200217 a 4500 | ||
|---|---|---|---|
| 005 | 20220317001238.0 | ||
| 008 | 160825s2000 ck g 000 0 spa | ||
| 020 | _a9586640825 | ||
| 082 | 0 | 4 |
_aR 025.31 _bB15c |
| 110 |
_aBanco de la República. Bogotá _920785 |
||
| 245 |
_aCatálogo de colecciones 2000 _bred nacional de bibliotecas _cBanco de la República _hCD-ROM |
||
| 250 | _a1a. edición | ||
| 300 |
_a1 CD-ROM _bestéreo _c12 cm |
||
| 650 | 1 | 4 |
_2LEMB _aCatálogos de bibliotecas _vCD-ROM _zColombia |
| 942 |
_2ddc _cCDMUL |
||
| 264 |
_aBogotá _bBiblioteca Luis Ángel Arango _c2000 |
||
| 336 |
_atexto _btxt _2rdacontent |
||
| 337 |
_asin mediación _bn _2rdamedia |
||
| 338 |
_avolumen _bnc _2rdacarrier |
||
| 040 |
_aCO-BoRNBP _bspa _erda _cCO-BoRNBP |
||
| 999 |
_c6370 _d6370 |
||